00465nam a22001697a 4500003000400000005001700004008004100021020001800062040000800080082001800088084002500106100001900131245005800150260004800208300001100256700002800267OSt20260226162033.0260226b |||||||| |||| 00| 0 eng d a9789391382261 ckul a581.33 DAH.A  2Colon Classification aDahat, Anil S. aA textbook of embryology and anatomy of angiosperms / aNew Delhi :bSwastik publications ,cc2025. a228 p. 4AuthoraKale, Pravin J.